16th Mechatronika 2014 : Proceedings of the 16th international conference on Mechatronics - Mechatronika 2014
Guardado en:
| Autor Corporativo: | |
|---|---|
| Formato: | Procedimiento de la Conferencia Libro |
| Lenguaje: | inglés |
| Publicado: |
New York :
IEEE
2014
|
| Edición: | 1st ed. |
| Etiquetas: |
Sin Etiquetas, Sea el primero en etiquetar este registro!
|
MARC
| LEADER | 00000nam a22000003a 4500 | ||
|---|---|---|---|
| 001 | 0000490 | ||
| 003 | SK-STU | ||
| 005 | 20200506090031.9 | ||
| 007 | ta | ||
| 008 | 141216s ----xo-----e------100-0-----d | ||
| 020 | |a 978-80-214-4817-9 | ||
| 040 | |a STU |b slo | ||
| 041 | 0 | |a eng | |
| 044 | |a xr | ||
| 111 | 2 | |a Mechatronika 2014 |n 16th |d 3.-5.12.2014 : |c Brno, Czech republic | |
| 245 | 1 | 0 | |a 16th Mechatronika 2014 : |h [elektronický zdroj] |b Proceedings of the 16th international conference on Mechatronics - Mechatronika 2014 |
| 250 | |a 1st ed. | ||
| 260 | |a New York : |b IEEE |c 2014 | ||
| 300 | |a 1 CD-ROM | ||
| 996 | |b 284M084443 |c M*CD-2503 |l MMKN |s A |a 24 |w 0000490_0001 | ||